| 000 | 00589nam a22002057a 4500 | ||
|---|---|---|---|
| 003 | OSt | ||
| 005 | 20251201143458.0 | ||
| 008 | 251201b |||||||| |||| 00| 0 eng d | ||
| 020 | _a978-0-525-43481-8 | ||
| 040 |
_aDWCL - Main _cOC |
||
| 082 | _aF R888m 2017 | ||
| 100 |
_aArundhati, Roy _eAuthor |
||
| 245 |
_aThe Ministry of Utmost Happiness / _cRoy Arundhati |
||
| 260 |
_aNew York: _bVintage Books, _cc2017 |
||
| 650 | _a1. Fiction | ||
| 650 | _a2. India -- fiction | ||
| 650 | _a3. Fiction -- Family life | ||
| 650 | _a4. Fiction -- Self realization | ||
| 942 |
_2ddc _cFIC. _n0 |
||
| 999 |
_c6666 _d6666 |
||